Biggest Cities in South Africa (Extreme) - Statistics

General Stats
  • This quiz has been taken 97 times
  • The average score is 35 of 219
Answer Stats
Population City % Correct
3,430,992 Cape Town
100%
7,860,781 Johannesburg
100%
2,786,046 Durban
99%
464,591 Bloemfontein
97%
1,763,336 Pretoria
97%
876,436 Port Elizabeth
93%
295,644 East London
72%
475,238 Pietermaritzburg
59%
225,155 Kimberley
52%
157,397 George
48%
227,407 Polokwane
42%
197,735 Paarl
38%
311,901 Rustenburg
38%
58,670 Nelspruit
37%
291,484 Newcastle
35%
80,316 Stellenbosch
34%
377,922 Vereeniging
34%
50,533 Richards Bay
32%
211,014 Welkom
32%
65,887 Mossel Bay
30%
64,359 Mahikeng
28%
137,589 Mthatha
28%
67,581 Upington
28%
50,029 Knysna
27%
119,726 Ladysmith
27%
97,075 Worcester
27%
67,264 Grahamstown
24%
60,780 Bethal
23%
46,856 Hermanus
23%
189,496 Klerksdorp
23%
148,804 Potchefstroom
23%
34,085 Beaufort West
21%
76,015 Bethlehem
21%
181,712 Botshabelo
21%
97,780 Kroonstad
21%
61,508 Oudtshoorn
21%
98,988 Queenstown
21%
728,063 Soshanguve
21%
242,924 Uitenhage
21%
149,065 Carletonville
20%
163,809 | 18,680 Middelburg
20%
37,089 Port Shepstone
20%
188,035 Somerset West
20%
65,113 Brits
18%
605,504 Evaton
18%
35,672 Graaff-Reinet
18%
25,359 Louis Trichardt
18%
75,516 Mokopane
18%
89,427 Thohoyandou
18%
46,639 Vryburg
18%
311,657 Witbank
18%
69,055 Atlantis
17%
83,735 Ermelo
17%
71,661 Heidelberg
17%
45,449 Lichtenburg
17%
30,276 Nigel
17%
48,169 Parys
17%
13,108 Phalaborwa
17%
113,368 Sasolburg
17%
84,383 Standerton
17%
35,153 Aliwal North
15%
44,308 Butterworth
15%
23,873 Ceres
15%
29,989 De Aar
15%
27,407 Heilbron
15%
77,682 King William's Town
15%
51,540 Kokstad
15%
26,786 Margate
15%
91,854 Orkney
15%
41,227 Schweizer-Reneke
15%
17,522 Swellendam
15%
66,208 Virginia
15%
17,689 Vrede
15%
15,142 Alice
14%
16,723 Belfast
14%
46,029 Bothaville
14%
36,671 Cradock
14%
52,125 Delmas
14%
34,924 Dundee
14%
41,248 Ficksburg
14%
27,869 Harrismith
14%
41,403 Lydenburg
14%
63,743 Odendaalsrus
14%
56,251 Phuthaditjhaba
14%
28,142 Saldanha
14%
25,543 Senekal
14%
134,525 Stanger
14%
24,672 Stutterheim
14%
26,538 Ulundi
14%
31,733 Westonaria
14%
33,492 Wolmaransstad
14%
23,135 Ballito
13%
15,524 Bredasdorp
13%
34,395 Bronkhorstspruit
13%
23,365 Bultfontein
13%
20,882 Christiana
13%
16,870 Colesburg
13%
118,889 Embalenhle
13%
38,491 Fochville
13%
94,273 Hammanskraal
13%
16,033 Hoopstad
13%
23,003 Jan Kempdorp
13%
45,104 Kwaggafontein
13%
25,816 Ladybrand
13%
35,897 Malmesbury
13%
15,176 Montagu
13%
62,406 Mpumalanga
13%
42,677 Musina
13%
18,372 Ottosdal
13%
57,428 Piet Retief
13%
31,822 Plettenberg Bay
13%
60,696 Thaba Nchu
13%
18,170 Vredendal
13%
47,365 Vryheid
13%
21,373 White River
13%
19,337 Allanridge
11%
27,904 Bloemhof
11%
17,602 Clocolan
11%
20,082 Douglas
11%
48,492 Ekangala
11%
14,376 Elliot
11%
22,072 Estcourt
11%
25,668 Fort Beaufort
11%
26,144 Frankfort
11%
17,548 Glencoe
11%
27,087 Howick
11%
28,990 Humansdorp
11%
17,639 Lephalale
11%
15,502 Marquard
11%
171,522 Mdantsane
11%
41,988 Modimolle
11%
27,695 Mtubatuba
11%
25,858 Port Alfred
11%
30,089 Postmasburg
11%
16,177 Riversdale
11%
27,714 Robertson
11%
15,778 Sabie
11%
18,824 Somerset East
11%
44,049 Trichardt
11%
31,468 Viljoenskroon
11%
24,281 Volksrust
11%
26,808 Wesselsbron
11%
15,987 Zeerust
11%
25,969 Balfour
10%
16,847 Carolina
10%
17,278 Coligny
10%
19,478 Deneysville
10%
27,606 Empangeni
10%
19,809 Gonubie
10%
31,291 Grabouw
10%
22,312 Hartebeespoort
10%
19,498 Koster
10%
15,237 Kriel
10%
35,089 Lebowakgomo
10%
41,298 Mankweng
10%
19,522 Marikana
10%
44,981 Mondlo
10%
20,183 Reitz
10%
28,846 Thabazimbi
10%
54,109 Tongaat
10%
16,462 Vaalwater
10%
22,073 Ventersdorp
10%
44,999 Warmbad
10%
20,105 Barkly West
8%
19,313 Greytown
8%
27,107 Jefferys Bay
8%
18,137 Mooi Rivier
8%
14,850 Ritchie
8%
23,513 Theunissen
8%
17,315 Villiers
8%
15,607 Zastron
8%
13,182 Daggakraal
7%
13,515 Frischgewaagd
7%
15,031 Groot Brakrivier
7%
19,959 Itsoseng
7%
15,246 Kinross
7%
32,980 Leslie
7%
31,327 Mandini
7%
24,854 Mookgophong
7%
16,328 Ncotshane
7%
22,824 Shakaskraal
7%
36,882 Siyabuswa
7%
63,836 Stilfontein
7%
22,588 Warrenton
7%
28,248 Whittlesea
7%
21,356 Amandelbult Mine
6%
15,322 Clydesdale
6%
21,784 Dimbaza
6%
42,859 Nkowankowa
6%
22,264 Praktiseer
6%
14,857 Tshiame
6%
95,457 Tweefontein
6%
16,290 Vaalbank
6%
48,505 Baberton
4%
28,451 Cullinan
4%
26,337 Hartbeestfontein A
4%
22,786 Hendrina
4%
25,732 Mpophomeni
4%
28,252 Wembesi
4%
31,885 Phola
3%
16,205 Umzinto
3%
15,991 Burgersdoorp
1%
29,544 Dwarsloop
1%
31,184 Elukwatuni
1%
30,402 Folweni
1%
18,608 Hartbeesfontein
1%
21,192 Kamaqhekeza
1%
41,497 Letlhabile
1%
35,864 Mkhuhlu
1%
18,426 Moloto
1%
15,150 Ndevana
1%
20,562 Phomolong
1%
17,738 Verena
1%
26,228 Marapong
0%
19,325 Redhill
0%
14,895 Tekwane
0%
15,935 Tshitereke
0%
38,382 Vrendenburg
0%
No matching quizzes found
Score Distribution
Percent of People with Each Score
Percentile by Number Answered
Your Score History
You have not taken this quiz